000 00993nam a2200313 a 4500
003 AR-BaBNM
005 20251128210353.0
008 082120s2002 ||||||||||||||000 | spa||
020 _a987-9336-29-1
040 _cAR-BaBNM
245 0 0 _aBernardo de Irigoyen
_bla política de la experiencia
260 _aBuenos Aires
_bCírculo de Legisladores de la Nación Argentina
_c1999
300 _a95 p.
490 0 _aVidas, ideas y obras de los legisladores argentinos
_vv. 38
500 _aContiene textos parlamentarios de Bernardo de Irigoyen
600 1 4 _aIrigoyen, Bernardo De
650 4 _aHISTORIA ARGENTINA
650 4 _aBIOGRAFIAS
650 4 _aHISTORIA POLITICA ARGENTINA
650 4 _aLEGISLACION ARGENTINA
650 4 _aSIGLO DIECINUEVE
650 4 _aPARTIDOS POLITICOS ARGENTINOS
653 _aLIMITES
655 _aBIOGRAFIAS
700 1 _aSegovia, Juan Fernando
_eprologuista
800 1 _aMárquez, Alfonso Carlos
_edirector
942 _cBK
998 _cMariana
999 _c15180
_d15180